US Counties with Tree Names - Statistics

General Stats
  • This quiz has been taken 36 times
  • The average score is 6 of 16
Answer Stats
State Frequency County % Correct
Texas 1 Live Oak
93%
Minnesota 1 Pine
73%
Nevada 1 White Pine
73%
Minnesota 1 Redwood
60%
Iowa 3 Cedar
47%
Nebraska 1 Cherry
47%
Nebraska 1 Red Willow
40%
California 8 Orange
37%
Georgia 1 Peach
30%
Utah 1 Box Elder
23%
Minnesota 1 Cottonwood
17%
Florida 1 Citrus
7%
Missouri 1 Hickory
3%
North Carolina 2 Rowan
3%
Tennessee 3 Coffee
0%
Kentucky 1 Laurel
0%
No matching quizzes found
Score Distribution
Percent of People with Each Score
Percentile by Number Answered
Your Score History
You have not taken this quiz